[Event "7th Asia-ch"]
[Site "Subic Bay PHI"]
[Date "2009.05.19"]
[Round "7"]
[White "Elorta, David"]
[Black "Ghaem Maghami, Ehsan"]
[Result "0-1"]
[WhiteElo "2372"]
[BlackElo "2593"]
[EventDate "2009.05.13"]
[PlyCount "164"]

1.d4 Nf6 2.Nf3 c5 3.e3 g6 4.b3 Bg7 5.Bb2 cxd4 6.exd4 O-O 7.c4 d5 8.Be2 Bg4
9.O-O Bxf3 10.Bxf3 Nc6 11.Na3 Rc8 12.Re1 e6 13.Qd2 b6 14.Rac1 Re8 15.Qf4 
Nb4 16.Qd2 Nc6 17.Qf4 Bf8 18.Nc2 Bd6 19.Qh4 Be7 20.Qg3 a5 21.Bc3 Bf8 22.
Qf4 Bd6 23.Qh4 Be7 24.Qg3 Nb4 25.Nxb4 axb4 26.Bd2 dxc4 27.bxc4 Qxd4 28.Be3
Qd7 29.Bxb6 Bc5 30.Bxc5 Rxc5 31.Bd1 Qc7 32.Qb3 Rb8 33.Be2 Ra5 34.Qb2 Ne4 
35.Bd1 Nc5 36.Re3 Qf4 37.g3 Qd6 38.Bc2 Qf8 39.h4 Qg7 40.Qb1 h5 41.Rd1 Raa8
42.Rde1 Nd7 43.Be4 Ra6 44.Rd1 Nc5 45.Bc2 Qf6 46.Kg2 Ra5 47.Rf3 Qg7 48.Rd6 
Ra6 49.Rd2 Ra7 50.Rd6 Qe5 51.Rd2 Ra3 52.Rf4 Kg7 53.Bb3 Ra7 54.Qd1 Qc7 55.
Rfd4 Qb7+ 56.Kh2 Qe7 57.Qf3 Rd7 58.Rxd7 Nxd7 59.Qf4 Rc8 60.Qd6 Qxd6 61.
Rxd6 Rc7 62.Kg2 Kf6 63.Ra6 Ke5 64.Ra4 Rb7 65.Bd1 Nc5 66.Ra5 Kd4 67.Be2 Rc7
68.Rb5 Kc3 69.Kf3 Nb7 70.Re5 Nc5 71.Bf1 Kb2 72.Re2+ Kb1 73.Rd2 Ra7 74.Ke3 
e5 75.Rd5 Ra3+ 76.Ke2 Rxa2+ 77.Ke1 Ra5 78.Kd1 e4 79.f3 exf3 80.Bd3+ Kb2 
81.Kd2 f2 82.Be2 b3 0-1

[Event "7th Asia-ch"]
[Site "Subic Bay PHI"]
[Date "2009.05.19"]
[Round "7"]
[White "Villamayor, Buenaventura"]
[Black "Batchuluun, Cegmed"]
[Result "0-1"]
[WhiteElo "2474"]
[BlackElo "2391"]
[EventDate "2009.05.13"]
[PlyCount "102"]

1.c4 c5 2.g3 g6 3.Bg2 Bg7 4.Nc3 Nc6 5.Nf3 e5 6.a3 Nge7 7.Rb1 a5 8.O-O O-O 
9.Ne1 d6 10.Nc2 Be6 11.Ne3 Qd7 12.Ned5 Rab8 13.d3 f5 14.b4 axb4 15.axb4 
cxb4 16.Nxb4 Nxb4 17.Rxb4 d5 18.Ba3 Rfd8 19.Rb6 dxc4 20.Rd6 Qxd6 21.Bxd6 
Rxd6 22.Qb1 cxd3 23.Qb4 Rbd8 24.exd3 Kf7 25.Nb5 R6d7 26.h4 Nc6 27.Qc5 Nd4 
28.Nc3 Nb3 29.Qb6 e4 30.Ne2 Rd6 31.Qb4 exd3 32.Nf4 Nd4 33.Nxd3 Ne2+ 34.Kh2
Rxd3 35.Qxb7+ R3d7 36.Qa6 Nd4 37.Re1 Rd6 38.Qb7+ R8d7 39.Qa8 Rd8 40.Qb7+ 
R8d7 41.Qc8 Bf6 42.Qa8 Kg7 43.Rb1 Rd8 44.Qa7+ R6d7 45.Qc5 Bf7 46.Qb6 Ne6 
47.f4 Rd2 48.Qa7 R8d7 49.Rb7 Rxb7 50.Qxb7 h5 51.Kh1 Nc5 0-1

[Event "7th Asia-ch"]
[Site "Subic Bay PHI"]
[Date "2009.05.19"]
[Round "7"]
[White "Garcia, Jan Emmanuel"]
[Black "Harika, Dronavalli"]
[Result "1/2-1/2"]
[WhiteElo "2292"]
[BlackElo "2474"]
[EventDate "2009.05.13"]
[PlyCount "137"]

1.c4 g6 2.g3 Bg7 3.Bg2 Nf6 4.Nc3 O-O 5.e3 d6 6.Nge2 e5 7.O-O c6 8.d4 Qe7 
9.e4 exd4 10.Nxd4 Na6 11.Bf4 Ng4 12.Qd2 Re8 13.Rad1 Ne5 14.b3 Nc5 15.Nde2 
a5 16.Be3 Bf8 17.f4 Ned7 18.Bf2 Nf6 19.Nd4 Ng4 20.Be1 f5 21.h3 Nf6 22.exf5
Bxf5 23.Nxf5 gxf5 24.Bf2 Nce4 25.Nxe4 Nxe4 26.Qd3 a4 27.Bd4 axb3 28.axb3 
Ra2 29.Rfe1 Bg7 30.Bxe4 fxe4 31.Qe3 c5 32.Bxg7 Qxg7 33.Rf1 Rc2 34.Rc1 Rb2 
35.Rb1 Rc2 36.Rbc1 Rxc1 37.Rxc1 b5 38.Rd1 bxc4 39.bxc4 Ra8 40.g4 Qe7 41.
Qd2 Re8 42.Qe3 Qf6 43.f5 Kh8 44.Rd2 Qe5 45.Kg2 Ra8 46.f6 Qxf6 47.Qxe4 Rf8 
48.Qd3 Re8 49.Qf3 Qe5 50.Qd5 Qf4 51.Rf2 Qe4+ 52.Qxe4 Rxe4 53.Rd2 Re6 54.
Kf3 Kg7 55.Kf4 Kf6 56.h4 Ke7 57.Ra2 Rf6+ 58.Kg5 h6+ 59.Kh5 Kf8 60.Ra8+ Kg7
61.Ra7+ Kg8 62.Rd7 Re6 63.g5 hxg5 64.hxg5 Kf8 65.g6 Re4 66.Rd8+ Kg7 67.
Rd7+ Kf8 68.Rd8+ Kg7 69.Rd7+ 1/2-1/2

[Event "7th Asia-ch"]
[Site "Subic Bay PHI"]
[Date "2009.05.19"]
[Round "7"]
[White "Gonzales, Jayson"]
[Black "Wang Li"]
[Result "1/2-1/2"]
[WhiteElo "2465"]
[BlackElo "2401"]
[EventDate "2009.05.13"]
[PlyCount "78"]

1.c4 c5 2.g3 Nc6 3.Bg2 g6 4.Nc3 Bg7 5.a3 a5 6.Nf3 e5 7.d3 Nge7 8.O-O O-O 
9.Rb1 d6 10.Ne1 Be6 11.Nc2 d5 12.cxd5 Nxd5 13.Ne3 Nde7 14.b3 Rb8 15.Bd2 f5
16.Na4 b6 17.b4 cxb4 18.axb4 Ba2 19.b5 Nd4 20.Rb2 Bf7 21.Nc4 Bxc4 22.dxc4 
Qc8 23.Bg5 Re8 24.e3 Ne6 25.Bxe7 Rxe7 26.Bc6 e4 27.Rd2 Ng5 28.Rd7 Rxd7 29.
Qxd7 Qxd7 30.Bxd7 Kf7 31.Bc6 Nf3+ 32.Kg2 Ne5 33.Rd1 Bf8 34.Bd5+ Kf6 35.Kf1
Bb4 36.Ke2 Nd3 37.f3 Nc5 38.Nxc5 Bxc5 39.fxe4 fxe4 1/2-1/2

[Event "7th Asia-ch"]
[Site "Subic Bay PHI"]
[Date "2009.05.19"]
[Round "7"]
[White "Bancod, Ronald"]
[Black "Nguyen Thanh Son"]
[Result "0-1"]
[WhiteElo "2356"]
[BlackElo "2362"]
[EventDate "2009.05.13"]
[PlyCount "74"]

1.d4 Nf6 2.Nf3 d5 3.c4 c6 4.cxd5 cxd5 5.Nc3 Nc6 6.Bf4 e6 7.e3 Be7 8.Bd3 
O-O 9.O-O Bd7 10.h3 a6 11.Qe2 b5 12.Rac1 Qb6 13.e4 Nb4 14.e5 Nxd3 15.Qxd3 
Ne8 16.Bg5 f6 17.exf6 gxf6 18.Bh6 Rf7 19.Rfe1 Nd6 20.Ne2 Kh8 21.Nh4 Ne4 
22.Nf4 Rg8 23.Rc2 f5 24.Nf3 Rf6 25.Ne5 Be8 26.Rec1 Rxh6 27.Rc6 Bxc6 28.
Nf7+ Kg7 29.Nxh6 Kxh6 30.Nxe6 Bg5 31.Nxg5 Rxg5 32.Qe3 Kg6 33.f3 Rg3 34.Kh1
Bd7 35.Qf4 Qd6 36.Qe5 Qxe5 37.dxe5 Kf7 0-1

[Event "7th Asia-ch"]
[Site "Subic Bay PHI"]
[Date "2009.05.19"]
[Round "7"]
[White "Wang Rui"]
[Black "Al-Huwar, Jasem"]
[Result "1/2-1/2"]
[WhiteElo "2434"]
[BlackElo "2293"]
[EventDate "2009.05.13"]
[PlyCount "131"]

1.d4 Nf6 2.c4 g6 3.Nc3 d5 4.Nf3 Bg7 5.Bg5 Ne4 6.Bh4 Nxc3 7.bxc3 dxc4 8.
Qa4+ c6 9.Qxc4 O-O 10.e3 Re8 11.Qb3 Qb6 12.Bc4 Qxb3 13.Bxb3 Nd7 14.O-O h6 
15.Nd2 b5 16.a4 a6 17.c4 bxc4 18.Nxc4 c5 19.Na5 e6 20.Rfd1 cxd4 21.exd4 
Nb6 22.Rac1 Bd7 23.Nc6 a5 24.f3 Ra6 25.Bg3 Raa8 26.Be1 Bxc6 27.Rxc6 Nd5 
28.Rc5 Rab8 29.Bxd5 exd5 30.Rxd5 Rb2 31.Bxa5 Ree2 32.Bc7 Rxg2+ 33.Kh1 Rgc2
34.Rd8+ Kh7 35.Rd7 Rb7 36.Rxf7 Rbxc7 37.Rxc7 Rxc7 38.d5 Bf8 39.a5 Bd6 40.
a6 Ra7 41.Ra1 Kg7 42.Kg2 Kf6 43.h4 Ke5 44.Kh3 Bc5 45.Kg4 Kxd5 46.h5 g5 47.
f4 gxf4 48.Kxf4 Rf7+ 49.Kg4 Bd4 50.Ra4 Ke5 51.Kg3 Kd5 52.Kg4 Bc5 53.Ra5 
Kc6 54.Kg3 Bb6 55.Ra4 Kb5 56.Re4 Rf5 57.Kh4 Rf6 58.Rg4 Bd8 59.Kh3 Rxa6 60.
Rg6 Ra3+ 61.Kg4 Bg5 62.Rxg5+ hxg5 63.Kxg5 Kc6 64.h6 Ra8 65.Kg6 Kd5 66.h7 
1/2-1/2

[Event "7th Asia-ch"]
[Site "Subic Bay PHI"]
[Date "2009.05.19"]
[Round "7"]
[White "Zhang Ziyang"]
[Black "Wahono, Awam"]
[Result "1/2-1/2"]
[WhiteElo "2419"]
[BlackElo "2391"]
[EventDate "2009.05.13"]
[PlyCount "100"]

1.d4 Nf6 2.Nf3 e6 3.c4 b6 4.g3 Ba6 5.Qc2 c6 6.e4 d5 7.e5 Ne4 8.Bd3 Bb4+ 9.
Nc3 h6 10.cxd5 Bxd3 11.Qxd3 Bxc3+ 12.bxc3 cxd5 13.Ba3 Nc6 14.Ng1 Na5 15.f3
Ng5 16.h4 Nh7 17.Ne2 Qc7 18.O-O Nc4 19.Bc1 Nf8 20.a4 Ng6 21.Ba3 Rc8 22.
Rfb1 Qd7 23.f4 h5 24.Rf1 Nxa3 25.Rxa3 Ne7 26.Qb5 Qc6 27.Rb1 O-O 28.a5 bxa5
29.Rxa5 Qxb5 30.Rbxb5 Rc7 31.Kf2 Nf5 32.Ra3 Rd8 33.Rab3 Kh7 34.Rc5 Rdd7 
35.Nc1 Rb7 36.Rcb5 Rxb5 37.Rxb5 Rc7 38.Ne2 a6 39.Rb6 Ra7 40.Nc1 a5 41.Rb3 
Ne7 42.Nd3 a4 43.Ra3 Nc8 44.Nc5 Nb6 45.Kf3 Ra5 46.g4 hxg4+ 47.Kxg4 g6 48.
h5 Ra8 49.Kg5 gxh5 50.Kxh5 Rg8 1/2-1/2

[Event "7th Asia-ch"]
[Site "Subic Bay PHI"]
[Date "2009.05.19"]
[Round "7"]
[White "Hafizulhelmi, Mas"]
[Black "Pascua, Haridas"]
[Result "1-0"]
[WhiteElo "2421"]
[BlackElo "2359"]
[EventDate "2009.05.13"]
[PlyCount "177"]

1.e4 c5 2.Nf3 Nc6 3.d4 cxd4 4.Nxd4 Nf6 5.Nc3 e5 6.Ndb5 d6 7.Bg5 a6 8.Na3 
b5 9.Bxf6 gxf6 10.Nd5 f5 11.exf5 Bxf5 12.c3 Bg7 13.Nc2 O-O 14.Nce3 Be6 15.
Bd3 f5 16.O-O Ra7 17.a4 bxa4 18.Qxa4 Ne7 19.Bc4 Kh8 20.Nxe7 Qxe7 21.Qa2 
Bc8 22.Nd5 Qg5 23.f3 Bh6 24.Rf2 Qh4 25.b3 Rg7 26.Qe2 Bb7 27.g3 Qh5 28.Rg2 
Bg5 29.Qd3 Re8 30.Rf1 a5 31.Re2 Bd8 32.f4 Qh3 33.Qe3 Reg8 34.Rg2 Re8 35.
Re1 Bc6 36.Qd3 Bb6+ 37.Kh1 Bc5 38.Bb5 e4 39.Qc4 Bxd5 40.Qxd5 Reg8 41.Bc4 
Rd8 42.Ra1 Bb6 43.b4 axb4 44.Ra8 Qh6 45.cxb4 Qf6 46.Rga2 h5 47.Qe6 Qxe6 
48.Bxe6 Re7 49.Bxf5 Rxa8 50.Rxa8+ Kg7 51.Ra6 Bc7 52.Rc6 Kf6 53.Bxe4 Rxe4 
54.Rxc7 Rxb4 55.Rh7 Kg6 56.Rd7 Rd4 57.Kg2 Rd2+ 58.Kf3 Rxh2 59.Rxd6+ Kf5 
60.Rd5+ Ke6 61.Re5+ Kf6 62.Re2 Rh1 63.Rb2 Ra1 64.Rb6+ Kg7 65.Rd6 Ra2 66.
Re6 Rb2 67.f5 Rb4 68.Re4 Rb6 69.Kf4 Rb3 70.Re7+ Kf6 71.Re6+ Kg7 72.Re3 Rb1
73.Kg5 Rf1 74.Re7+ Kf8 75.Rh7 Rf3 76.Kf6 Kg8 77.Rg7+ Kf8 78.Rg5 Ke8 79.Kg6
Ke7 80.Kg7 Kd6 81.Kf7 Ra3 82.f6 Rf3 83.Rxh5 Rxg3 84.Rh1 Ke5 85.Re1+ Kf5 
86.Ke7 Ra3 87.f7 Ra7+ 88.Kf8 Kg6 89.Kg8 1-0

[Event "7th Asia-ch"]
[Site "Subic Bay PHI"]
[Date "2009.05.19"]
[Round "7"]
[White "Yu Lie"]
[Black "Nguyen Van Huy"]
[Result "0-1"]
[WhiteElo "2307"]
[BlackElo "2423"]
[EventDate "2009.05.13"]
[PlyCount "150"]

1.e4 c5 2.Nf3 e6 3.d4 cxd4 4.Nxd4 Nf6 5.Nc3 d6 6.Be3 a6 7.f3 Be7 8.Qd2 O-O
9.g4 Nc6 10.O-O-O Nxd4 11.Bxd4 b5 12.g5 Nd7 13.h4 Qc7 14.Kb1 b4 15.Na4 Rb8
16.h5 Qa5 17.g6 e5 18.h6 fxg6 19.Bc4+ Rf7 20.Be3 Nf6 21.b3 d5 22.exd5 Bd6 
23.Qg2 Bd7 24.Nb2 Bb5 25.Bg5 Nh5 26.hxg7 Nxg7 27.Bd3 Nf5 28.Be4 Qc7 29.
Rhe1 Rc8 30.Bd3 Nd4 31.Be4 Nf5 32.Bc1 a5 33.Bd2 Qd7 34.Nd3 Bxd3 35.Bxd3 
Nh4 36.Qe2 Nxf3 37.Rh1 Nxd2+ 38.Qxd2 Rf4 39.Qg2 Qg7 40.Qh3 Rd8 41.Rde1 Rf6
42.Re4 Rdf8 43.Rh4 R8f7 44.Rg4 Rf3 45.Qg2 R3f4 46.Rxh7 Qxh7 47.Bxg6 Qh6 
48.Bxf7+ Kxf7 49.Rg3 Qf6 50.a4 e4 51.Ka2 Rf1 52.Rg7+ Qxg7 53.Qxf1+ Ke7 54.
Qf5 Qe5 55.Qh7+ Kf6 56.Qh6+ Kf5 57.Qh3+ Kf4 58.Qf1+ Ke3 59.Qg1+ Kf4 60.
Qh2+ Kg5 61.Qg2+ Kf6 62.Qf2+ Kg6 63.Qg2+ Kf7 64.Qf2+ Ke8 65.Qe3 Qxd5 66.
Qh6 Qe5 67.Qg6+ Kd7 68.Qh7+ Kc6 69.Qf7 e3 70.Qc4+ Kd7 71.Qg4+ Kc7 72.Qc4+ 
Kb6 73.Qe2 Be7 74.Qc4 Bf6 75.c3 e2 0-1

[Event "7th Asia-ch"]
[Site "Subic Bay PHI"]
[Date "2009.05.19"]
[Round "7"]
[White "Akshayraj, Kore"]
[Black "Novita, Anjas"]
[Result "1/2-1/2"]
[WhiteElo "2404"]
[BlackElo "2345"]
[EventDate "2009.05.13"]
[PlyCount "166"]

1.e4 c5 2.Nf3 d6 3.d4 cxd4 4.Nxd4 Nf6 5.Nc3 a6 6.Be3 e5 7.Nf3 Ng4 8.Qd2 
Nxe3 9.Qxe3 Be6 10.Ng5 Nc6 11.Nxe6 fxe6 12.Bc4 Nd4 13.O-O b5 14.Bb3 Be7 
15.Ne2 Nxb3 16.Qxb3 Qc8 17.f4 Qc4 18.Qxc4 bxc4 19.f5 d5 20.fxe6 d4 21.Rf7 
g6 22.b3 d3 23.cxd3 cxd3 24.Nc3 Bc5+ 25.Kf1 Rf8 26.Rd1 Rxf7+ 27.exf7+ Kxf7
28.Rxd3 Bd4 29.Ke2 g5 30.Nd5 g4 31.Rd1 a5 32.Kd3 Rc8 33.Rf1+ Kg7 34.a3 Bb2
35.b4 Bxa3 36.b5 Rb8 37.Kc4 Bb2 38.Rf2 Bd4 39.Ra2 Rc8+ 40.Kb3 Rc1 41.Ka4 
g3 42.hxg3 Re1 43.b6 Bxb6 44.Nxb6 Rxe4+ 45.Kxa5 Re3 46.Nc4 Rxg3 47.Kb5 h5 
48.Nd6 Rd3 49.Nf5+ Kf6 50.Kc4 e4 51.Nd4 h4 52.Kd5 h3 53.Rf2+ Kg5 54.Kxe4 
Ra3 55.gxh3 Rxh3 56.Ne6+ Kg4 57.Rf8 Ra3 58.Rg8+ Kh4 59.Nd4 Kh5 60.Nf3 Ra4+
61.Kf5 Ra5+ 62.Ne5 Kh4 63.Rg7 Kh3 64.Rg5 Kh4 65.Rg1 Kh3 66.Kf4 Ra4+ 67.Ke3
Ra3+ 68.Nd3 Kh4 69.Ke4 Ra4+ 70.Kf5 Ra5+ 71.Ne5 Kh3 72.Rg6 Kh4 73.Rc6 Kg3 
74.Rc3+ Kf2 75.Ke4 Ra4+ 76.Nc4 Ra8 77.Rf3+ Ke2 78.Rb3 Kf2 79.Rb4 Kg3 80.
Ne5 Re8 81.Ra4 Kf2 82.Ra6 Kg2 83.Ra2+ Kg3 1/2-1/2

[Event "7th Asia-ch"]
[Site "Subic Bay PHI"]
[Date "2009.05.19"]
[Round "7"]
[White "Nguyen Hoang Nam"]
[Black "Abu Sufian, Shakil"]
[Result "0-1"]
[WhiteElo "2281"]
[BlackElo "2378"]
[EventDate "2009.05.13"]
[PlyCount "52"]

1.e4 c5 2.Nf3 Nc6 3.Bb5 d6 4.O-O Bd7 5.Re1 Nf6 6.h3 g6 7.c3 Ne5 8.Bxd7+ 
Nfxd7 9.Nxe5 dxe5 10.d3 Bg7 11.Be3 O-O 12.a4 Qc7 13.Na3 Rfd8 14.b4 cxb4 
15.cxb4 Nf8 16.Nb5 Qb8 17.Rc1 Ne6 18.Nc3 Rd7 19.Nd5 Nf4 20.Bxf4 exf4 21.
Qg4 e6 22.Nxf4 Be5 23.Ne2 Rxd3 24.Rc4 b5 25.axb5 Qxb5 26.Rec1 Qxc4 0-1

[Event "7th Asia-ch"]
[Site "Subic Bay PHI"]
[Date "2009.05.19"]
[Round "7"]
[White "Kim, Alexey"]
[Black "Lou Yiping"]
[Result "1/2-1/2"]
[WhiteElo "2481"]
[BlackElo "2410"]
[EventDate "2009.05.13"]
[PlyCount "89"]

1.e4 e6 2.d3 d5 3.Qe2 Be7 4.Nf3 Nf6 5.g3 b5 6.Bg2 b4 7.Nbd2 a5 8.O-O O-O 
9.h4 c5 10.e5 Nfd7 11.Re1 Nc6 12.Nf1 a4 13.N1h2 Nb6 14.Bg5 Ba6 15.Qe3 a3 
16.b3 Rc8 17.Ng4 Kh8 18.Bxe7 Nxe7 19.h5 Nf5 20.Qd2 h6 21.Ngh2 Ne7 22.g4 
Rg8 23.Kh1 d4 24.g5 Nf5 25.Re4 Bb7 26.Rg4 Nd5 27.Rg1 Nc3 28.gxh6 Nxh6 29.
Ng5 Bxg2+ 30.R4xg2 Rc7 31.Ng4 Nxg4 32.Rxg4 Qd5+ 33.R1g2 Qxe5 34.Rf4 Rf8 
35.Nf3 Qe2 36.Qc1 f6 37.Nh4 Kg8 38.Ng6 Re8 39.Rxf6 Qxh5+ 40.Rh2 Qd5+ 41.
Kg1 gxf6 42.Rh8+ Kf7 43.Rh7+ Kg8 44.Rh8+ Kf7 45.Rh7+ 1/2-1/2

[Event "7th Asia-ch"]
[Site "Subic Bay PHI"]
[Date "2009.05.19"]
[Round "7"]
[White "Jia Haoxiang"]
[Black "Hoang Canh Huan"]
[Result "1/2-1/2"]
[WhiteElo "2344"]
[BlackElo "2378"]
[EventDate "2009.05.13"]
[PlyCount "97"]

1.d4 g6 2.c4 Bg7 3.Nf3 d6 4.Nc3 Nf6 5.e4 O-O 6.Be2 c5 7.d5 e6 8.O-O exd5 
9.cxd5 Re8 10.Nd2 a6 11.a4 Nbd7 12.h3 b6 13.Qc2 Rb8 14.Re1 h6 15.Nc4 Ne5 
16.Ne3 g5 17.Bd2 Re7 18.Nf5 Bxf5 19.exf5 Qc8 20.f4 gxf4 21.Bxf4 c4 22.Kh1 
b5 23.axb5 axb5 24.Bf3 b4 25.Bxe5 Rxe5 26.Rxe5 bxc3 27.Re3 cxb2 28.Rb1 Rb4
29.Qd2 Qc5 30.Ra3 Nd7 31.f6 Bxf6 32.Qxh6 Bg7 33.Ra8+ Rb8 34.Rxb8+ Nxb8 35.
Qg5 Qb6 36.h4 c3 37.Be4 Nd7 38.h5 Kf8 39.h6 Bf6 40.Qf5 Qe3 41.h7 Qh6+ 42.
Kg1 Bd4+ 43.Kf1 Qc1+ 44.Ke2 Qe3+ 45.Kf1 Nc5 46.Re1 Qg1+ 47.Ke2 Qe3+ 48.Kf1
Qg1+ 49.Ke2 1/2-1/2

[Event "7th Asia-ch"]
[Site "Subic Bay PHI"]
[Date "2009.05.19"]
[Round "7"]
[White "Celis, Solomon"]
[Black "Chua, Aaron"]
[Result "0-1"]
[WhiteElo "2007"]
[BlackElo "2116"]
[EventDate "2009.05.13"]
[PlyCount "110"]

1.d4 d5 2.c4 c6 3.cxd5 cxd5 4.Nc3 e6 5.Bf4 Qb6 6.a3 Nc6 7.e3 Bd7 8.Nf3 Nf6
9.Bd3 Be7 10.O-O O-O 11.b4 Rfc8 12.Na4 Qd8 13.Nc5 b6 14.Na6 Ne4 15.Rc1 Nd6
16.Qb3 f6 17.Rc2 Nb8 18.Rfc1 Rxc2 19.Rxc2 Nc6 20.Qb1 h6 21.Qc1 Rc8 22.Bg3 
Be8 23.a4 Bd7 24.h3 Ne4 25.b5 Na5 26.Bc7 Qf8 27.Nh4 Be8 28.f3 Nd6 29.Bxd6 
Rxc2 30.Qxc2 Bxd6 31.Qc8 Bf7 32.Qd7 f5 33.g4 Bg3 34.Ng2 Qa3 35.Qc8+ Kh7 
36.Qc2 g6 37.gxf5 gxf5 38.e4 Qa1+ 39.Qb1 Qxd4+ 40.Kh1 dxe4 41.fxe4 f4 42.
Qf1 e5 43.Nc7 Qd7 44.Nxf4 Bxf4 45.Nd5 Bxd5 46.exd5+ Kh8 47.Qg2 Nb3 48.d6 
Nc5 49.Bc4 Qb7 50.Bd5 Qg7 51.Qe2 Qg3 52.Bf3 Nd3 53.d7 Qxh3+ 54.Kg1 Qxd7 
55.Qe4 Qd4+ 0-1

[Event "7th Asia-ch"]
[Site "Subic Bay PHI"]
[Date "2009.05.20"]
[Round "8"]
[White "Sandipan, Chanda"]
[Black "Ganguly, Surya Shekhar"]
[Result "1/2-1/2"]
[WhiteElo "2558"]
[BlackElo "2625"]
[EventDate "2009.05.13"]
[PlyCount "63"]

1.d4 Nf6 2.c4 g6 3.Nc3 d5 4.Nf3 Bg7 5.cxd5 Nxd5 6.e4 Nxc3 7.bxc3 c5 8.Be3 
Qa5 9.Qd2 Nc6 10.Rb1 a6 11.Rc1 cxd4 12.cxd4 Qxd2+ 13.Kxd2 f5 14.e5 Be6 15.
Bc4 Bxc4 16.Rxc4 O-O 17.g3 Rad8 18.Ke2 e6 19.Rb1 Rd7 20.Rb6 h6 21.Ne1 Re8 
22.Nd3 Bf8 23.h4 Kf7 24.Nf4 g5 25.hxg5 hxg5 26.d5 exd5 27.Rcxc6 bxc6 28.
e6+ Rxe6 29.Nxe6 Kxe6 30.Rxc6+ Rd6 31.Rxd6+ Bxd6 32.Bxg5 1/2-1/2

[Event "7th Asia-ch"]
[Site "Subic Bay PHI"]
[Date "2009.05.20"]
[Round "8"]
[White "Djao Thien Hai"]
[Black "Hou Yifan"]
[Result "0-1"]
[WhiteElo "2546"]
[BlackElo "2590"]
[EventDate "2009.05.13"]
[PlyCount "64"]

1.d4 e6 2.c4 Nf6 3.Nf3 b6 4.g3 Bb4+ 5.Nbd2 Ba6 6.Qc2 O-O 7.Bg2 d5 8.O-O c5
9.dxc5 Bxc5 10.b3 Nbd7 11.Bb2 Rc8 12.a4 Qe7 13.Nd4 Bb7 14.Rfd1 Ne5 15.Rac1
Neg4 16.e3 dxc4 17.bxc4 Nxf2 18.Bxb7 Nxd1 19.Bxc8 Nxe3 20.Qd3 Nf5 21.Bxe6 
fxe6 22.Nb3 Qd7 23.Rd1 Rd8 24.Qe2 Qd6 25.Kg2 Nxd4 26.Rxd4 Bxd4 27.Bxd4 
Qc6+ 28.Kh3 Qe4 29.Qb2 Rf8 30.Qc3 Qg4+ 31.Kg2 Qe2+ 32.Kh3 Qf1+ 0-1

[Event "7th Asia-ch"]
[Site "Subic Bay PHI"]
[Date "2009.05.20"]
[Round "8"]
[White "Nguyen Ngoc Truong Son"]
[Black "Antonio, Rogelio jr"]
[Result "0-1"]
[WhiteElo "2588"]
[BlackElo "2518"]
[EventDate "2009.05.13"]
[PlyCount "74"]

1.e4 c6 2.c4 d5 3.cxd5 cxd5 4.exd5 Nf6 5.Qa4+ Nbd7 6.Nc3 g6 7.Bc4 Bg7 8.
Nf3 O-O 9.d3 Nb6 10.Qb3 Bg4 11.Be3 Bxf3 12.gxf3 Ne8 13.h4 Nd6 14.h5 Qc8 
15.hxg6 fxg6 16.Ne4 Rxf3 17.Nxd6 exd6 18.O-O-O Qf5 19.Rd2 h5 20.Qb4 Rc8 
21.Rc2 Nxc4 22.dxc4 Qd7 23.Qd2 b6 24.Bd4 Bxd4 25.Qxd4 Re8 26.Rc3 Rxc3+ 27.
Qxc3 Qf5 28.Re1 Rxe1+ 29.Qxe1 Qf4+ 30.Kb1 h4 31.b4 Qf5+ 32.Kc1 Qe5 33.Kd2 
h3 34.Qh1 Qd4+ 35.Ke2 Qxc4+ 36.Ke3 Qxb4 37.Kf3 Qh4 0-1

[Event "7th Asia-ch"]
[Site "Subic Bay PHI"]
[Date "2009.05.20"]
[Round "8"]
[White "Moradiabadi, Elshan"]
[Black "Zhou Weiqi"]
[Result "0-1"]
[WhiteElo "2526"]
[BlackElo "2563"]
[EventDate "2009.05.13"]
[PlyCount "100"]

1.d4 Nf6 2.c4 e6 3.Nc3 c5 4.d5 exd5 5.cxd5 d6 6.e4 g6 7.f4 Bg7 8.Bb5+ Nfd7
9.Nf3 a6 10.Bd3 b5 11.a3 Nb6 12.O-O Bg4 13.Be3 O-O 14.Qd2 Bxf3 15.Rxf3 
N8d7 16.Kh1 Re8 17.Re1 Rb8 18.Bg1 Nc4 19.Bxc4 bxc4 20.Re2 Rb3 21.h3 Qb6 
22.Na4 Qb7 23.Rxb3 Qxb3 24.Nc3 Bxc3 25.bxc3 Qb1 26.e5 Qd3 27.Qb2 dxe5 28.
fxe5 Qxd5 29.Rd2 Qc6 30.Rd6 Qc8 31.e6 Rxe6 32.Rxe6 fxe6 33.Qe2 Nb6 34.Qe4 
Qd7 35.Bxc5 Qd5 36.Qe3 Nd7 37.Bb4 e5 38.Qg5 Qe6 39.Qd8+ Kg7 40.Qc7 h5 41.
Bc5 g5 42.Qb7 g4 43.hxg4 hxg4 44.Be3 g3 45.Qb1 Qg6 46.Qe1 Nf6 47.Kg1 Ng4 
48.Bd2 Qb6+ 49.Kf1 Qf2+ 50.Qxf2 gxf2 0-1

[Event "7th Asia-ch"]
[Site "Subic Bay PHI"]
[Date "2009.05.20"]
[Round "8"]
[White "Yu Shaoteng"]
[Black "Filippov, Anton"]
[Result "1-0"]
[WhiteElo "2504"]
[BlackElo "2584"]
[EventDate "2009.05.13"]
[PlyCount "111"]

1.e4 e5 2.Nf3 Nc6 3.Bb5 a6 4.Ba4 Nf6 5.O-O Be7 6.Re1 b5 7.Bb3 d6 8.c3 O-O 
9.h3 Na5 10.Bc2 c5 11.d4 Qc7 12.d5 Bd7 13.b3 Ne8 14.a4 bxa4 15.bxa4 g6 16.
Bh6 Ng7 17.Nbd2 Kh8 18.Qe2 Rg8 19.Ng5 Be8 20.Qf3 Bf8 21.Qf6 Qe7 22.Qxe7 
Bxe7 23.Rab1 Bd8 24.h4 Rf8 25.f4 exf4 26.Ngf3 f6 27.Bxf4 Bc7 28.Nf1 Bd7 
29.Ne3 h5 30.Nd2 Rfb8 31.Ndc4 Ne8 32.Kf2 Kg7 33.Ke2 Kf7 34.Kd2 Rxb1 35.
Rxb1 Rb8 36.Rxb8 Nxc4+ 37.Nxc4 Bxb8 38.Nb6 Ke7 39.Bd3 Nc7 40.Nxd7 Kxd7 41.
Ke3 Ba7 42.Kf3 Bb6 43.g4 hxg4+ 44.Kxg4 Ba5 45.Bd2 Ke7 46.h5 gxh5+ 47.Kxh5 
Na8 48.Bxa6 Nb6 49.Bb5 f5 50.exf5 Kf6 51.Bd3 c4 52.Be4 Nxa4 53.Bg5+ Kf7 
54.f6 Bxc3 55.Bg6+ Kg8 56.Be8 1-0

[Event "7th Asia-ch"]
[Site "Subic Bay PHI"]
[Date "2009.05.20"]
[Round "8"]
[White "Gupta, Abhijeet"]
[Black "Al-Sayed, Mohamad Naser"]
[Result "1/2-1/2"]
[WhiteElo "2570"]
[BlackElo "2496"]
[EventDate "2009.05.13"]
[PlyCount "84"]

1.d4 d5 2.c4 c6 3.Nf3 Nf6 4.Nc3 e6 5.Bg5 h6 6.Bxf6 Qxf6 7.e3 Nd7 8.Bd3 
dxc4 9.Bxc4 g6 10.O-O Bg7 11.Qc2 Qe7 12.Bb3 O-O 13.Ne4 Kh8 14.Rac1 f5 15.
Nc3 e5 16.Rfe1 e4 17.Nd2 Nb6 18.Ne2 g5 19.Qc5 Qf6 20.a4 Be6 21.a5 Bxb3 22.
Nxb3 Nd5 23.Nc3 Rad8 24.a6 bxa6 25.Na5 f4 26.Nxe4 Qg6 27.Nc3 fxe3 28.fxe3 
Nxe3 29.Nxc6 Qf7 30.Ne4 Qf4 31.Qc3 Nf5 32.g3 Qg4 33.Rcd1 Nh4 34.Nxd8 Nf3+ 
35.Kg2 Nxe1+ 36.Rxe1 Rxd8 37.Qc2 Rxd4 38.Nxg5 Qxg5 39.Re8+ Bf8 40.Rxf8+ 
Kg7 41.Rf2 Qd5+ 42.Kh3 Qh5+ 1/2-1/2

[Event "7th Asia-ch"]
[Site "Subic Bay PHI"]
[Date "2009.05.20"]
[Round "8"]
[White "Tu Hoang Thong"]
[Black "Xiu Deshun"]
[Result "1/2-1/2"]
[WhiteElo "2506"]
[BlackElo "2422"]
[EventDate "2009.05.13"]
[PlyCount "60"]

1.d4 d5 2.Nf3 e6 3.Bf4 Bd6 4.Bg3 c5 5.e3 Nc6 6.c3 Nf6 7.Nbd2 O-O 8.Bd3 Qe7
9.Bh4 e5 10.dxc5 Bxc5 11.e4 d4 12.Nb3 dxc3 13.Bxf6 c2 14.Qd2 gxf6 15.O-O 
Rd8 16.Nxc5 Qxc5 17.Qxc2 Qxc2 18.Bxc2 Bg4 19.Ba4 Rac8 20.Rfc1 Nb4 21.Rxc8 
Rxc8 22.Ne1 Be6 23.a3 Na6 24.f3 Nc5 25.Bc2 Bb3 26.Bxb3 Nxb3 27.Rd1 Nd4 28.
Kf2 Kf8 29.Ke3 Ke7 30.Kd3 Ke6 1/2-1/2

[Event "7th Asia-ch"]
[Site "Subic Bay PHI"]
[Date "2009.05.20"]
[Round "8"]
[White "Deepan Chakravarthy, Jeyakumar"]
[Black "Zhou Jianchao"]
[Result "0-1"]
[WhiteElo "2482"]
[BlackElo "2635"]
[EventDate "2009.05.13"]
[PlyCount "84"]

1.e4 c5 2.Nf3 d6 3.d4 cxd4 4.Nxd4 Nf6 5.Nc3 a6 6.h3 e6 7.g4 d5 8.exd5 Nxd5
9.Nde2 Bb4 10.Bg2 O-O 11.O-O Bxc3 12.Nxc3 Nxc3 13.bxc3 Qc7 14.Ba3 Re8 15.
Qd6 Qxc3 16.Rad1 Nc6 17.Rd3 Qe5 18.f4 Qa5 19.Rfd1 e5 20.f5 Nd4 21.c3 Nb5 
22.Bb4 Qa4 23.Qd5 a5 24.Bc5 g6 25.Qb3 Qxb3 26.axb3 gxf5 27.gxf5 Bxf5 28.
Rg3+ Bg6 29.Bxb7 Rab8 30.Rd7 Red8 31.Re7 Rd1+ 32.Kf2 Nd6 33.Bxd6 Rxd6 34.
c4 Kf8 35.Rc7 Rb6 36.Bd5 Rxb3 37.Rxb3 Rxb3 38.c5 Rc3 39.c6 e4 40.Ra7 e3+ 
41.Kg3 e2+ 42.Kf2 Bh5 0-1

[Event "7th Asia-ch"]
[Site "Subic Bay PHI"]
[Date "2009.05.20"]
[Round "8"]
[White "Nguyen Anh Dung"]
[Black "Al-Modiahki, Mohamad"]
[Result "0-1"]
[WhiteElo "2518"]
[BlackElo "2585"]
[EventDate "2009.05.13"]
[PlyCount "84"]

1.d4 Nf6 2.c4 g6 3.Nf3 Bg7 4.g3 O-O 5.Bg2 d6 6.O-O Nc6 7.Nc3 a6 8.b3 Rb8 
9.Bb2 b5 10.cxb5 axb5 11.d5 Na5 12.Nd4 b4 13.Na4 e5 14.Nc6 Nxc6 15.dxc6 
Re8 16.Rc1 h5 17.Qd2 Ba6 18.Rfd1 h4 19.Rc2 hxg3 20.hxg3 Qc8 21.Qg5 Bb5 22.
f4 Qg4 23.Bf3 Qxg5 24.fxg5 Nh7 25.Bc1 Bf8 26.Bd5 Be7 27.Nb2 Bxg5 28.Bxg5 
Nxg5 29.Nd3 Bxd3 30.Rxd3 Kg7 31.Rc4 Rb5 32.Kf2 f5 33.Rd2 Nh7 34.e3 e4 35.
Rcd4 Nf6 36.Bc4 Ng4+ 37.Ke2 Rb6 38.Rd5 Rh8 39.Bb5 Rh2+ 40.Ke1 Rxd2 41.Kxd2
Nf6 42.Rxd6 Rxb5 0-1

[Event "7th Asia-ch"]
[Site "Subic Bay PHI"]
[Date "2009.05.20"]
[Round "8"]
[White "Torre, Eugenio"]
[Black "Laylo, Darwin"]
[Result "1-0"]
[WhiteElo "2561"]
[BlackElo "2509"]
[EventDate "2009.05.13"]
[PlyCount "93"]

1.d4 d5 2.Bf4 Nf6 3.e3 c6 4.c4 e6 5.Nc3 Bd6 6.Bg3 O-O 7.Nf3 b6 8.Bd3 Ba6 
9.cxd5 exd5 10.Rc1 Re8 11.Bxa6 Nxa6 12.O-O Bxg3 13.hxg3 Qd6 14.Qa4 Nb8 15.
Ne5 a5 16.Rfd1 b5 17.Qc2 Ra7 18.Qf5 Qe6 19.Qxe6 Rxe6 20.Ne2 Nfd7 21.Nf4 
Rd6 22.Nfd3 f6 23.Nxd7 Nxd7 24.Rc2 Ra6 25.Rdc1 Kf7 26.g4 h6 27.Kh2 Re6 28.
Kg3 Rb6 29.Kf3 Ra6 30.Ke2 Rb6 31.f4 Ra6 32.f5 Rd6 33.Kf3 Rb6 34.Nf4 Nb8 
35.Ne6 Rb7 36.b3 Rb6 37.Rc5 Rxe6 38.fxe6+ Kxe6 39.e4 a4 40.exd5+ cxd5 41.
Rc7 axb3 42.axb3 Kd6 43.Rxg7 Nc6 44.Ke3 Rb8 45.Rf1 Re8+ 46.Kd3 Re6 47.Rf7 
1-0